Replikácia databázy PostgreSQL

Salvato in:
Dettagli Bibliografici
Autore principale: Babolčai, Andrej, 1986- (Autore)
Altri autori: Kuník, Stanislav, 1982- (Relatore della tesi)
Natura: Manoscritto Libro
Lingua:slovacco
Pubblicazione: STU v Bratislave MTF UIAM, 2010
Soggetti:
Accesso online:VAIS
Tags: Aggiungi Tag
Nessun Tag, puoi essere il primo ad aggiungerne!!

MARC

LEADER 00000ntm a22000003a 4500
001 stu206238
005 20160719160211.2
008 100702s2010------------------------slo-d
040 |a STU  |b slo 
041 0 |a slo 
100 1 |a Babolčai, Andrej,  |d 1986-  |4 aut  |X 26245  |7 A000026245 
242 0 0 |a Replication of PostgreSQL database  |y eng 
245 1 |a Replikácia databázy PostgreSQL 
260 |b STU v Bratislave MTF UIAM,  |c 2010 
650 7 |a databáza  |2 stusub 
650 7 |a database  |2 estusub 
700 1 |a Kuník, Stanislav,  |d 1982-  |4 ths  |u M180  |U MTF Materiálovotechnologická fakulta  |T MTF Katedra aplikovanej informatiky a automatizácie  |X 4618  |U M180  |Y 166  |7 A000004618 
856 4 |a info a plný text  |u http://is.stuba.sk/zp/portal_zp.pl?podrobnosti=75204  |3 VAIS 
996 |c M*DP-9144  |l MMSKP  |s P  |a 0  |w stu206238_0001